01317nam a2200325 a 4500001001200000003000800012006001900020007001500039008004100054010001700095020001800112020002700130040002100157035002100178050002500199082001900224100001800243245005500261260004300316300001600359490003400375504005100409505013700460533015200597650002800749655002900777710001700806830004200823856012600865ebr10571237CaPaEBRm u cr cn|||||||||110922s2012 mau sb 001 0 eng d z 2011038297 z9780262517638 z9780262301732 (e-book) aCaPaEBRcCaPaEBR a(OCoLC)79584616114aZ286.O63bS83 2012eb04a070.5/79732231 aSuber, Peter.10aOpen accessh[electronic resource] /cPeter Suber. aCambridge, Mass. :bMIT Press,cc2012. axii, 242 p.1 aMIT Press essential knowledge aIncludes bibliographical references and index.0 aWhat is open access? -- Motivation -- Varieties -- Policies -- Scope -- Copyright -- Economics -- Casualties -- Future -- Self-help. aElectronic reproduction.bPalo Alto, Calif. :cebrary,d2011.nAvailable via World Wide Web.nAccess may be limited to ebrary affiliated libraries. 0aOpen access publishing. 7aElectronic books.2local2 aebrary, Inc. 0aMIT Press essential knowledge series.40uhttp://site.ebrary.com/lib/rucke/Doc?id=10571237zAn electronic book accessible through the World Wide Web; click to view